| 000 | 00513nam a2200193Ia 4500 | ||
|---|---|---|---|
| 005 | 20250423095323.0 | ||
| 008 | 250422s9999 xx 000 0 und d | ||
| 020 | _a9781259095009 | ||
| 050 | _aQP 301 .P69/ | ||
| 100 | _aPowers, Scott K. | ||
| 245 | 0 | _aExercise physiology: theory and application to fitness and performance | |
| 250 | _a9th ed. | ||
| 260 | _aNew York | ||
| 260 | _bMcGraw-Hill Education | ||
| 260 | _c2015 | ||
| 300 | _a589 p | ||
| 650 | _aExercise--Physiological aspects | ||
| 942 | _cBK | ||
| 999 |
_c29916 _d29916 |
||